| Tag |
First Indicator |
Second Indicator |
Subfields |
| LEADER |
00000cam a2200000 4500 |
| 001 |
in00000042702 |
| 005 |
20151007074832.0 |
| 008 |
740516s1933 nyubef b 00010 eng u |
| 010 |
|
|
|a 33022908
|
| 020 |
|
|
|a 0060910054
|
| 035 |
|
|
|a (OCoLC)00888706
|
| 035 |
|
|
|9 AAF2182AM
|
| 040 |
|
|
|c MSC
|d TXA
|d UtOrBLW
|
| 049 |
|
|
|a TXAM
|c 1 [53231]
|
| 050 |
0 |
0 |
|a HD1339.U5
|b B6
|
| 082 |
0 |
|
|a 301.35
|
| 092 |
|
|
|a 630.1
|b B738f
|
| 100 |
1 |
|
|a Borsodi, Ralph.
|
| 245 |
1 |
0 |
|a Flight from the city ;
|b the story of a new way to family security /
|c by Ralph Borsodi.
|
| 264 |
|
1 |
|a New York,
|a London :
|b Harper & brothers,
|c [1933]
|
| 300 |
|
|
|a xv pages, 1 ., 194 pages :
|b frontispiece, plates, map, plan. ;
|c 21 cm.
|
| 336 |
|
|
|a text
|b txt
|2 rdacontent
|
| 337 |
|
|
|a unmediated
|b n
|2 rdamedia
|
| 338 |
|
|
|a volume
|b nc
|2 rdacarrier
|
| 500 |
|
|
|a "First edition."
|
| 500 |
|
|
|a Includes an account of the experiment in homesteading carried out in Dayton, Ohio (pages 151-171).
|
| 504 |
|
|
|a Bibliography: pages 173-190.
|
| 650 |
|
0 |
|a Farm life.
|
| 650 |
|
0 |
|a Agriculture
|x Economic aspects.
|
| 650 |
|
0 |
|a Country life
|z Ohio
|z Dayton.
|
| 999 |
|
|
|a MARS
|
| 999 |
f |
f |
|s c35a6a1b-3303-359a-b808-78aaf02896d1
|i 6323e775-4355-39ea-820b-db569a2802fd
|t 0
|
| 952 |
f |
f |
|p ric
|a Texas A&M University
|b Rellis Campus
|c Joint Library Facility
|d Remote Storage
|t 0
|e HD1339.U5 B6
|h Library of Congress classification
|i unmediated -- volume
|m A14801052691
|
| 998 |
f |
f |
|a HD1339.U5 B6
|t 0
|l Remote Storage
|